000 00311nam a22000977a 4500
999 _c507117
_d507117
082 _aL906x5411 R
100 _aGovernment of Assam
_9722
245 _aReport of the Comptroller and Auditor General of India
_cby Revenue Sector
260 _aGovernment of Assam
_bGovernment of Assam, Guhati
_c2018
300 _a145p.